James and the giant peach (Record no. 614858)

000 -LEADER
fixed length control field 00275nam a22001217a 4500
020 ## - INTERNATIONAL STANDARD BOOK NUMBER
International Standard Book Number 9780142410318
082 ## - DEWEY DECIMAL CLASSIFICATION NUMBER
Classification number 823.914
Author Mark DAH
100 ## - MAIN ENTRY--PERSONAL NAME
Personal name Dahl,Roald
245 ## - TITLE STATEMENT
Title James and the giant peach
260 ## - PUBLICATION, DISTRIBUTION, ETC.
Place of publication, distribution, etc. USA:
Name of publisher, distributor, etc. Puffin Books,
300 ## - PHYSICAL DESCRIPTION
Extent 154p. ;
942 ## - ADDED ENTRY ELEMENTS (KOHA)
Source of classification or shelving scheme
Koha item type Book
Holdings
Withdrawn status Lost status Source of classification or shelving scheme Damaged status Not for loan Permanent Location Current Location Shelving location Date acquired Source of acquisition Total Checkouts Full call number Barcode Date last seen Date last checked out Price effective from Koha item type
          Central Library (CL) Central Library (CL) Children Section 09/25/2025 Donated by Children - Summer Camp, 2025. 1 823.914 DAH CL-CS-13 01/26/2026 01/19/2026 09/25/2025 Children Section
© 2023 Central Library, National University of Sciences and Technology. All Rights Reserved.